000
00293nam a2200121Ia 4500
008
151001s9999||||xx |||||||||||||| ||und||
100
_a
वि वि भागवत
245
_a
मोहोर
250
_a
1
260
_b
भागवत वि वि
260
_c
1937
300
_a
104
999
_c
950422
_d
950419